| 000 | 01775nam a2200277 4500 | ||
|---|---|---|---|
| 003 | AR-RoBPED | ||
| 005 | 20260423104551.0 | ||
| 008 | 260423b |||||||| |||| 00| 0 spa d | ||
| 040 | _aAR-RoBPED | ||
| 041 | _aspa | ||
| 100 | 1 |
_aPalma, Juliana _930794 _eLicenciada y doctora en Química |
|
| 245 | 1 | 3 | _aLas insospechadas conexiones entre Manuel Belgrano y la conservación de los bosques nativos / |
| 260 |
_aBuenos Aires : _bNoveduc, _c2024 |
||
| 300 | _a16-20 p. | ||
| 500 | _aUna de las facetas menos conocidas de Manuel Belgrano es la de ser un adelantado a su época en temas ambientales. Desde el Consulado de Buenos Aires, donde ocupaba el cargo de secretario del Virreinato del Río de La Plata, Manuel Belgrano desplegó su pensamiento de naturalista, destacando la importancia de cuidar los bosques y los suelos, ideales que abrazó con fuertes convicciones. Por este motivo, para conmemorar el 20 de junio y teniendo en cuenta la sanción de Ley de Educación Ambiental N° 27.621, se presenta una propuesta de talleres con erspectiva ambiental para el abordaje de contenidos transversales, en los que se destaca este rasgo tan importante del prócer recordado como el creador de la Bandera. | ||
| 650 | 0 |
_aMANUEL BELGRANO _929103 |
|
| 650 | 7 |
_aMEDIO AMBIENTE _9254 |
|
| 650 | 7 |
_aCONSERVACION _99762 |
|
| 650 | 7 |
_aBOSQUES _95100 |
|
| 650 | 0 |
_aPROPUESTA DIDÁCTICA _922005 |
|
| 650 | 7 |
_aACTIVIDADES DIDACTICAS _918754 |
|
| 700 |
_aSaliture, Laura _930795 _eProfesora en Educación Inicial, en Educación Primaria y en Ciencias de la Educación |
||
| 773 | 0 |
_020414 _941866 _dBuenos Aires : Noveduc, 1993- _tNovedades Educativas _w(AR-RoBPED)20414 _x03283534 |
|
| 942 |
_2udc _cREV _h37(05) _mNov 86 N° 398 (Sept.2024) _ak.32609 |
||
| 945 | _amar 04/2026 | ||
| 999 |
_c32609 _d32609 |
||